Statistics for Brawl Stars: Season Names

Click here to take the quiz!

General Stats

  • This quiz has been taken 6 times
    (5 since last reset)
  • The average score is 7 of 13

Answer Stats

Season NumberName of Season% Correct
Season 1Tara’s Bazaar
100%
Season 9Brawlywood
75%
Season 7Jurassic Splash
75%
Season 2Summer of Monsters
75%
Season 11The Biodome
75%
Season 5The Starr Force
75%
Season 13Deep Sea Brawl
50%
Season 8Once Upon a Brawl
50%
Season 12The Stuntshow
50%
Season 3Welcome to Starr Park!
50%
Season 6The Goldarm Gang
25%
Season 10Year of the Tiger
25%
Season 4Holiday Getaway
0%

Score Distribution

Percentile by Number Answered

Percent of People with Each Score

Your Score History

You have not taken this quiz since the last reset